Fundamentos de la literatura mexicana /

Fundamentos de la literatura mexicana (1953) es una historia de la literatura nacional, estructurada en cuatro períodos, correspondientes a la época prehispánica, el virreinato, la época de la independencia y la literatura de la Revolución Mexicana.

Guardat en:
Dades bibliogràfiques
Autor principal: Vela, Arqueles (autor)
Format: Llibre
Idioma:espanyol
Publicat: México : Patria, 1966, c1966
Edició:2a edición
Matèries:
Etiquetes: Afegir etiqueta
Sense etiquetes, Sigues el primer a etiquetar aquest registre!

MARC

LEADER 00000nam^a2200000^a^4500
001 000339727
005 20250521000000.0
009 20260310114435.614
037 |a Acervo Xavier Clavigero 
041 |a ESP 
082 |a 860. 972  |b VEL 
100 |a Vela, Arqueles  |e (autor) 
245 1 0 |a Fundamentos de la literatura mexicana /  |c A. Vela. 
250 |a 2a edición 
264 4 |a México :  |b Patria,  |c 1966, c1966 
300 |a 164 p. 
336 |a texto  |b txt  |2 rdacontenido 
337 |a sin mediación  |b n  |2 rdamedio 
338 |a volumen  |b nc  |2 rdasoporte 
520 |a Fundamentos de la literatura mexicana (1953) es una historia de la literatura nacional, estructurada en cuatro períodos, correspondientes a la época prehispánica, el virreinato, la época de la independencia y la literatura de la Revolución Mexicana. 
545 0 |a Arqueles Vela (Tapachula, 1899 – Ciudad de México, 1977), escritor y profesor normalista. Redactor del diario El Demócrata (1920), fungió después como secretario de redacción de El Universal Ilustrado (1921) y director del suplemento dominical de El Nacional (1933). Fue una de las figuras principales del estridentismo, movimiento donde se inscriben la novela corta El café de nadie (1926) y los cuentos La señorita Etc. (1922) y Un crimen provisional (1926). Publicó anteriormente El sendero gris y otros poemas (1921) y más tarde Cuentos del día y de la noche (1945), pero su producción ajena al estridentismo estuvo centrada principalmente en la crítica y teoría del arte, en especial de la literatura: Historia materialista del arte (1936), Teoría literaria del modernismo: su filosofía, su estética, su técnica (1949), Análisis de la expresión literaria (1965) y Fundamentos de la literatura mexicana (1966) son algunos de sus libros. Miembro de la Sociedad Internacional de Críticos de Arte, fue condecorado por el gobierno de Francia con las Palmas Académicas (1949). 
649 |a XX 
650 |a Literatura Mexicana -  |x Historia y Crítica -  |x Tema Principal 
910 |a Fondo General 
920 |a Impresos - Libros 
930 |a Colección General 
940 |a Literatura 
905 |a 101 
901 |a 056662  |b IT1  |c LIT  |u 20250521 
902 |a https://opac.biblio.iteso.mx/vufind/Record/000339727